000 00709nam a2200265 i 4500
001 C2-0251810
003 PPAK
005 20180727215120.0
008 031008s2002 nyu |||| ||||| | eng d
020 _a0671042645
040 _aPPAK
_beng
_cPPAK
_erda
082 0 4 _a823
_223
090 0 0 _a823
_bKEE
_dK
100 1 _aKeene, Carolyn,
_eauthor
245 1 4 _aThe mystery in tornado alley
264 1 _aNew York :
_bAladdin Paperbacks ,
_c2002
300 _a147 pages ;
_c20 cm
336 _2rdacontent
_atext
337 _2rdamedia
_aunmediated
338 _2rdacarrier
_avolume
490 1 _aNancy Drew (155)
650 1 0 _aChildren's stories, English
830 0 _aNancy Drew (155)
942 _ddc
_cB
999 _c64917
_d64917